| 000 | 00964nam a2200277Ia 4500 | ||
|---|---|---|---|
| 003 | OSt | ||
| 005 | 20220926020453.0 | ||
| 006 | a|||||r|||| 00| 0 | ||
| 007 | ta | ||
| 008 | 220923b |||||||| |||| 00| 0 eng d | ||
| 020 |
_a9780415789660 _c2871.84 |
||
| 037 |
_b1108765, 03/02/2020, Atlantic Publisher & Distributers _cGeneral Book |
||
| 040 |
_aRTL _cRTL _beng |
||
| 041 |
_2eng _aeng |
||
| 082 | _aY15:3(X:77).1, Q9 | ||
| 100 |
_aTRAUGER Amy _9324601 |
||
| 245 | 0 |
_aEngendering development _b Capitalism and inaquality in the global economy. |
|
| 260 |
_aNew York _bRoutledge _c2019 |
||
| 300 |
_axi,159p. _ccm. |
||
| 490 | _areligion, Culture, and Public Life | ||
| 500 | _aBibliogrphy: p 325-340 | ||
| 650 | _aGeography | ||
| 700 |
_a FLURI Jennifer L _9290672 |
||
| 942 |
_hY15:3(X:77).1, Q9 _cGB _2CC |
||
| 999 |
_c634371 _d634371 |
||